Bundestagswahl 1949 - Statistiken

Allgemein
  • Dieses Quiz wurde 38 mal gespielt
  • Das Durchschnittsergebnis liegt bei 4 aus 13
Antwortstatistiken
Rank % Antwort % Korrekt
1. 31 CDU/CSU
100%
2. 29.2 SPD
100%
3. 11.9 FDP/DVP/BDV
89%
4. 5.7 KPD
73%
5. 4.2 BP
24%
9. 1.8 DKP-DRP
19%
6. 4 DP
19%
11. 0.3 SSW
8%
8. 2.9 WAV
3%
7. 3.1 DZP
0%
10. 0.9 RSF/FSP/SFP
0%
13. 0.1 RWVP
0%
12. 0.1 SzT/EVD
0%
Keine übereinstimmenden Quizze gefunden
Verteilung der Resultate
Anzahl Personen mit jedem Resultat
Perzentil nach korrekt beantworteten Fragen
Ihre Resultats-Entwicklung
Sie haben dieses Quiz noch nicht gespielt